[Event "Open NOR-ch"]
[Site "Oslo NOR"]
[Date "2006.04.09"]
[Round "2"]
[White "Pham,T"]
[Black "Wilsbeck,J"]
[Result "0-1"]
[WhiteElo "2098"]
[BlackElo "1919"]

1.e4 c5 2.Nf3 e6 3.d4 cxd4 4.Nxd4 a6 5.Bd3 Qc7 6.O-O Nf6 7.Qe2 d6 8.c4 Nc6
9.Nf3 Be7 10.Nc3 Bd7 11.b3 O-O 12.Bb2 Ne5 13.Rad1 Nxf3+ 14.Qxf3 Bc6 15.Qh3 g6
16.Rfe1 Rfd8 17.Qe3 Re8 18.a3 Nd7 19.Nd5 exd5 20.exd5 Bf6 21.Qd2 Bxb2 22.dxc6 Nc5
23.Rxe8+ Rxe8 24.Qxb2 Nxd3 25.Qd4 Nc5 26.b4 Ne6 27.Qxd6 Rd8  0-1

[Event "Open NOR-ch"]
[Site "Oslo NOR"]
[Date "2006.04.10"]
[Round "3"]
[White "Dannevig,O"]
[Black "Lie,K"]
[Result "1/2-1/2"]
[WhiteElo "2329"]
[BlackElo "2493"]

1.e4 c5 2.Nf3 e6 3.d4 cxd4 4.Nxd4 a6 5.Bd3 Bc5 6.Nb3 Ba7 7.Nc3 Nc6 8.Qe2 d6
9.Be3 Nf6 10.Bxa7 Rxa7 11.O-O-O b5 12.f4 b4 13.Na4 e5 14.fxe5 Nxe5 15.Qe3 Re7
16.Qd4 O-O 17.Qxb4 Nxd3+ 18.cxd3 Rb7 19.Qa5 Qe7 20.Kb1 Rb5 21.Qd2 Bd7 22.Nc3 Rb4
23.Rhf1 Qe5 24.g3 Rfb8 25.d4 Qe6 26.Rde1 a5 27.Rxf6 Qxf6 28.Nd5 Qd8 29.Nxb4 Rxb4
30.d5 Qb6 31.Qe3 Qb8 32.Qc3 Qb6 33.Na1 h6 34.Nc2 Rb5 35.Nd4 Rb4 36.Rd1 Bg4
37.Rd2 Qa6 38.Qd3 Qa7 39.a3 Rb8 40.Rc2 Re8 41.Nb5 Qe7 42.Nc3 Qe5 43.Qf1 Bd7
44.Ka2 Qd4 45.Qa6 Qc5 46.Qd3 Rc8 47.Rd2 f6 48.Qd4 Qc7 49.Rc2 Qb7 50.Qf2 a4
51.Kb1 Qb3 52.Qa7 Bb5 53.Qb7 Rxc3 54.Qa8+ Kh7 55.Rxc3 Qd1+ 56.Ka2 Qd4 57.Qc8 Qxe4
58.g4 Qxd5+ 59.Ka1 Bd3 60.Rc1 Bg6 61.Qc4 Qd2 62.h4 d5 63.Qc3 Qf4 64.h5 Be4
65.Rg1 Qf2 66.Re1 Qf4 67.Rg1 Qf2 68.Qe1 Qc2 69.Qd1 Qf2 70.Rf1 Qg2 71.Re1 Qf2  1/2-1/2

[Event "CCF Easter"]
[Site "Coulsdon ENG"]
[Date "2006.04.11"]
[Round "5"]
[White "Rudd,J"]
[Black "Khantuev,A"]
[Result "0-1"]
[WhiteElo "2299"]
[BlackElo "2286"]

1.e4 c5 2.Nf3 e6 3.d4 cxd4 4.Nxd4 a6 5.Bd3 g6 6.O-O Bg7 7.c3 Nc6 8.Be3 Nge7
9.Nd2 O-O 10.f4 d5 11.e5 Bd7 12.N2b3 Na5 13.Nc5 Nc4 14.Bxc4 dxc4 15.Nxb7 Qb6
16.Nd6 Qxb2 17.Qd2 Qxd2 18.Bxd2 Nc6 19.Nxc4 Nxd4 20.cxd4 Rfb8 21.Rfc1 Bf8
22.Rab1 Rxb1 23.Rxb1 Rc8 24.Ne3 Bb5 25.Kf2 Bd3 26.Rb7 h5 27.g3 Rd8 28.Bc3 Rc8
29.Bb4 Be4 30.Rb6 Bxb4 31.Rxb4 Rc1 32.g4 h4 33.g5 Kf8 34.Rb6 a5 35.Ra6 Rb1
36.Ng4 Ke7 37.Rxa5 Kd8 38.Nh6 Rb2+ 39.Ke3 Bd5 40.Nxf7+ Kc7 41.Nd6 Rxh2 42.f5 gxf5
43.Ra7+ Kb6 44.Rh7 Rg2 45.Rh5 Rg3+ 46.Kd2 h3 47.Nc8+ Kb5 48.Ne7 Be4 49.g6 Kc4
50.Rh7 f4 51.Rh4 Rg2+ 52.Ke1 h2 53.d5 exd5 54.e6 Kd3 55.Nxd5 Bxd5 56.e7 Bc6
57.Kf1 f3 58.g7 Ke3  0-1

[Event "Open NOR-ch"]
[Site "Oslo NOR"]
[Date "2006.04.12"]
[Round "5"]
[White "Svenske,J"]
[Black "Pham,T"]
[Result "0-1"]
[WhiteElo "1752"]
[BlackElo "2098"]

1.e4 c5 2.Nf3 e6 3.d4 cxd4 4.Nxd4 a6 5.Bd3 Nf6 6.O-O Qc7 7.Bg5 Qe5 8.Bxf6 Qxf6
9.c3 Be7 10.Nd2 d6 11.Nc4 Nd7 12.a4 Qg5 13.b4 O-O 14.f4 Qh6 15.Rf3 g6 16.Qf1 e5
17.fxe5 Nxe5 18.Nxe5 dxe5 19.Nc2 Bg4 20.Rg3 Be6 21.Ne3 Rac8 22.Nf5 Bxf5 23.exf5 Rxc3
24.fxg6 hxg6 25.b5 e4 26.Rh3 Qg5 27.Rg3 Qc5+ 28.Kh1 Rxd3 29.Rxd3 exd3 30.Qxd3 axb5
31.axb5 Qe5 32.Rf1 Bd6 33.g3 Re8 34.Qc4 Qe4+ 35.Qxe4 Rxe4 36.Rd1 Bc5  0-1

[Event "10th Neckar Open A"]
[Site "Deizisau GER"]
[Date "2006.04.13"]
[Round "1"]
[White "Kercher,P"]
[Black "Markowski,T"]
[Result "1/2-1/2"]
[WhiteElo "2107"]
[BlackElo "2554"]

1.e4 c5 2.Nf3 e6 3.d4 cxd4 4.Nxd4 a6 5.Bd3 Nf6 6.O-O d6 7.c4 b6 8.Nc3 Bb7
9.Qe2 Nbd7 10.b3 g6 11.Bb2 Bg7 12.Rad1 O-O 13.Bb1 Qc7 14.f4 Rad8 15.Nf3 Rfe8
16.g3 Nc5 17.b4 Ncd7 18.Bd3 Qb8 19.a3 Rc8 20.Rd2 Bh6 21.Rc2 Bg7 22.Rd2 Qa8
23.Bb1 Qb8 24.Bd3 Red8 25.Rfd1 Qc7 26.Rc2 Re8 27.Rf1 Qb8  1/2-1/2

[Event "LII Nacional Abierto"]
[Site "Mexico City MEX"]
[Date "2006.04.13"]
[Round "3"]
[White "Lares,M"]
[Black "Alba,F"]
[Result "1-0"]
[WhiteElo "2273"]
[BlackElo "2130"]

1.e4 e6 2.d4 c5 3.Nf3 cxd4 4.Nxd4 a6 5.Bd3 Qc7 6.c4 Nc6 7.Ne2 Nf6 8.Nbc3 Bb4
9.h3 d5 10.exd5 exd5 11.O-O dxc4 12.Bxc4 O-O 13.Bf4 Qa5 14.a3 Bxc3 15.Nxc3 Qf5
16.Bc7 Qg5 17.Kh1 b5 18.Bd3 Ra7 19.Bh2  1-0

[Event "LII Nacional Abierto"]
[Site "Mexico City MEX"]
[Date "2006.04.13"]
[Round "4"]
[White "Alan,A"]
[Black "Cataneo Esparza,R"]
[Result "1/2-1/2"]
[WhiteElo "2253"]
[BlackElo "2131"]

1.e4 c5 2.Nf3 e6 3.d4 cxd4 4.Nxd4 a6 5.Bd3 Nc6 6.Nxc6 bxc6 7.O-O d5 8.c4 dxc4
9.Bxc4 Qxd1 10.Rxd1 Bc5 11.Bf4 Bb7 12.Nc3 Nf6 13.Bd6 Bxd6 14.Rxd6 Rd8 15.Rxd8+ Kxd8
16.b4 Kc7 17.Rd1 Rd8 18.Rxd8 Kxd8 19.f3 Nd7 20.Na4 Ke7 21.Kf2 Kd6 22.Bd3 e5
23.Bc4 f6 24.Bg8 h6 25.Kg3 c5 26.bxc5+ Nxc5 27.Nxc5 Kxc5 28.Kh4 Kd6 29.Kh5 Ke7
30.Kg6 Kf8 31.Bd5 Bc8 32.g3 Bd7 33.f4 Be8+ 34.Kf5 exf4 35.gxf4 Ke7 36.e5 g6+
37.Ke4 fxe5 38.Kxe5 Bd7  1/2-1/2

[Event "32nd ch-IND w"]
[Site "Visakhapatnam IND"]
[Date "2006.04.14"]
[Round "14"]
[White "Iswarya,S"]
[Black "Amrutha,M"]
[Result "0-1"]
[WhiteElo "2150"]
[BlackElo "2126"]

1.e4 c5 2.Nf3 e6 3.d4 cxd4 4.Nxd4 a6 5.Bd3 Nf6 6.O-O Qc7 7.Qe2 d6 8.c4 g6
9.b3 Bg7 10.Bb2 Nbd7 11.Nd2 O-O 12.Rac1 b6 13.Bb1 Bb7 14.Rfd1 Rad8 15.b4 Qb8
16.N2b3 Rfe8 17.f3 Bh6 18.Rc2 e5 19.Qf2 exd4 20.Bxd4 Ba8 21.Rc3 Rc8 22.Nd2 b5
23.f4 Nxe4 24.Nxe4 Bxe4 25.Rh3 Bg7 26.Bxg7 Kxg7 27.Qd4+ Nf6 28.g4 Rxc4 29.Qb2 Qb6+
30.Kf1 Bxb1 31.Rxh7+ Kxh7 32.Qxf6  0-1

[Event "17th Pobeskydi Hamont Cup"]
[Site "Frydek Mistek CZE"]
[Date "2006.04.15"]
[Round "5"]
[White "Ponizil,C"]
[Black "Dambrauskas,V"]
[Result "0-1"]
[WhiteElo "2198"]
[BlackElo "2360"]

1.e4 c5 2.Nf3 e6 3.d4 cxd4 4.Nxd4 a6 5.Bd3 Qc7 6.O-O Nc6 7.Ne2 Nf6 8.c4 Ng4
9.Ng3 h5 10.Be2 Nxh2 11.Kxh2 h4 12.f4 hxg3+ 13.Kxg3 g5 14.Bh5 Bd6 15.e5 gxf4+
16.Bxf4 Bxe5 17.Bxf7+ Kd8 18.Qg4 Bxf4+ 19.Rxf4 Qe5 20.Nc3 Nd4 21.Ne4 d5 22.Re1 Nf5+
23.Kf3 dxe4+ 24.Rfxe4 Qf6 25.Qg6 Nh4+ 26.Kg3 Qxg6+  0-1

[Event "LII Nacional Abierto"]
[Site "Mexico City MEX"]
[Date "2006.04.15"]
[Round "8"]
[White "Hernandez,Gi"]
[Black "Dominguez Aguilar,G"]
[Result "1/2-1/2"]
[WhiteElo "2530"]
[BlackElo "2347"]

1.e4 c5 2.Nf3 e6 3.d4 cxd4 4.Nxd4 a6 5.Bd3 b5 6.O-O d6 7.a4 bxa4 8.Rxa4 Nf6
9.Nc3 Be7 10.Qe2 O-O 11.Nb3 Bd7 12.Ra2 a5 13.Bd2 Nc6 14.Rfa1 Qb8 15.f3 d5
16.exd5 exd5 17.Nb5 Re8 18.Qf1 Ne5 19.N3d4 Bc5 20.Kh1 a4 21.b3 Nxd3 22.Qxd3 axb3
23.Rxa8 b2 24.R8a2 bxa1=Q+ 25.Rxa1  1/2-1/2

[Event "32nd ch-IND w"]
[Site "Visakhapatnam IND"]
[Date "2006.04.16"]
[Round "18"]
[White "Soumya,S"]
[Black "Amrutha,M"]
[Result "1-0"]
[WhiteElo "2162"]
[BlackElo "2126"]

1.e4 c5 2.Nf3 e6 3.d4 cxd4 4.Nxd4 a6 5.Bd3 Nf6 6.O-O Qc7 7.Qe2 d6 8.c4 g6
9.b4 Bg7 10.Bb2 O-O 11.Nd2 Nh5 12.Rab1 Nd7 13.Qe3 Ndf6 14.h3 Nd7 15.g4 Nhf6
16.Qg3 b6 17.f4 Bb7 18.N4f3 d5 19.cxd5 exd5 20.e5 Ne4 21.Bxe4 dxe4 22.Ng5 Qc2
23.Qe3 Qd3 24.Rbe1 a5 25.Ngxe4 Qxe3+ 26.Rxe3 axb4 27.a3 bxa3 28.Bxa3 Rfd8
29.Nd6 Nc5 30.N2c4 Ba6 31.Nxb6 Bxf1 32.Nxa8 Rxa8 33.Kxf1 Nd7 34.h4 h6 35.Ne4 Ra4
36.g5 hxg5 37.hxg5 Nb6 38.Nf6+ Bxf6 39.exf6 Rxf4+ 40.Ke2 Nd5 41.Re8+ Kh7
42.Rf8 Re4+ 43.Kf2 Nf4 44.Rxf7+ Kg8 45.Rg7+ Kh8 46.f7 Ne6 47.Rg8+ Kh7 48.Bb2 Rf4+
49.Kg3 Rf3+  1-0

[Event "XXIV Open"]
[Site "Metz FRA"]
[Date "2006.04.22"]
[Round "1"]
[White "Bruned,Y"]
[Black "Matschek,N"]
[Result "1-0"]
[WhiteElo "2325"]
[BlackElo "1825"]

1.e4 c5 2.Nf3 e6 3.d4 cxd4 4.Nxd4 a6 5.Bd3 Nf6 6.O-O Qb6 7.Nb3 Nc6 8.c4 Bd6
9.Be3 Qd8 10.f4 h5 11.h3 Bc7 12.Nc3 d5 13.e5 d4 14.Nxd4 Nxd4 15.exf6 Qxf6
16.Ne4 Qd8 17.Ng5 Bb6 18.Re1 g6 19.b4 Nf5 20.Bxf5 Qxd1 21.Raxd1 Bxe3+ 22.Rxe3 gxf5
23.Red3 Ke7 24.a4 b5 25.cxb5 axb5 26.a5 f6 27.Nf3 Ba6 28.Rd7+ Ke8 29.Rc7 Rd8
30.Rdc1 Rd7 31.R7c6 Bb7 32.Rxe6+ Kf7 33.Re3 Be4 34.Rec3 Rhd8 35.Rc7 Ke6 36.Rxd7 Rxd7
37.Kf2 Bxf3 38.gxf3 Rd2+ 39.Ke3 Ra2 40.Rc6+ Kd5 41.Rc5+ Kd6 42.Rxb5 Ra3+
43.Kf2 h4 44.Rxf5 Ra2+ 45.Ke3 Rh2 46.a6 Kc7 47.Rb5  1-0

[Event "VII TCh-RUS w"]
[Site "Sochi RUS"]
[Date "2006.04.22"]
[Round "3"]
[White "Severiukhina,Z"]
[Black "Mongontuul,B"]
[Result "0-1"]
[WhiteElo "2189"]
[BlackElo "2378"]

1.e4 c5 2.Nf3 e6 3.d4 cxd4 4.Nxd4 a6 5.Bd3 Bc5 6.Nb3 Ba7 7.Qe2 d6 8.Be3 Bxe3
9.Qxe3 Nf6 10.Nc3 Nc6 11.O-O-O O-O 12.f4 Qc7 13.Rd2 b5 14.Rhd1 Bb7 15.Kb1 b4
16.Na4 Rab8 17.h3 Na5 18.Nxa5 Qxa5 19.b3 Bc6 20.Nb2 d5 21.e5 Ne8 22.g4 Qb6
23.Qg3 Bb5 24.Bxb5 Qxb5 25.f5 Nc7 26.f6 Rfc8 27.Qe3 Qe8 28.Rf1 Nb5 29.Nd1 Rb7
30.Rff2 a5 31.fxg7 a4 32.Qh6 axb3 33.cxb3 Na3+ 34.Kb2 Rbc7 35.Rd4 Qb5 36.Qg5 Rc1  0-1

[Event "VII TCh-RUS w"]
[Site "Sochi RUS"]
[Date "2006.04.22"]
[Round "3"]
[White "Shadrina,T"]
[Black "Paehtz,E"]
[Result "0-1"]
[WhiteElo "2371"]
[BlackElo "2438"]

1.e4 c5 2.Nf3 e6 3.d4 cxd4 4.Nxd4 a6 5.Bd3 Bc5 6.Nb3 Ba7 7.c4 Nc6 8.Qe2 d6
9.Nc3 Nf6 10.O-O O-O 11.Bg5 h6 12.Bh4 Ne5 13.Rad1 Ng6 14.Bg3 e5 15.Kh1 Be6
16.Nd5 Nd7 17.Qd2 Rc8 18.Rc1 Nc5 19.Nxc5 Bxc5 20.Be2 Bxd5 21.cxd5 Qb6 22.Bg4 Rc7
23.h4 Ne7 24.Qc2 Qb5 25.h5 f5 26.Be2 Qb4 27.Bd3 f4 28.Bh4 g5 29.hxg6 Nxg6
30.a3 Qb6 31.g3 Rg7 32.b4 Bd4 33.Qe2 Nxh4 34.gxh4 f3 35.Qd2 Qd8 36.Qxh6 Rf4  0-1

[Event "TCh-HUN 2005-6"]
[Site "Hungary HUN"]
[Date "2006.04.23"]
[Round "11"]
[White "Horvath,Ad1"]
[Black "Tolnai,T"]
[Result "1/2-1/2"]
[WhiteElo "2532"]
[BlackElo "2459"]

1.e4 c5 2.Nf3 e6 3.d4 cxd4 4.Nxd4 a6 5.Bd3 Nc6 6.Nxc6 dxc6 7.O-O e5 8.Nd2 Qc7
9.Nc4 b5 10.Ne3 Nf6 11.a4 Rb8 12.Bd2 Bc5 13.b4 Ba7 14.c4 Bd4 15.Rc1 Qd8 16.Qc2  1/2-1/2

[Event "TCh-HUN 2005-6"]
[Site "Hungary HUN"]
[Date "2006.04.23"]
[Round "11"]
[White "Meszaros,Mi"]
[Black "Forintos,G"]
[Result "1-0"]
[WhiteElo "2362"]
[BlackElo "2347"]

1.e4 c5 2.Nf3 e6 3.d4 cxd4 4.Nxd4 a6 5.Bd3 Qb6 6.Nb3 Qc7 7.Qe2 Nc6 8.Be3 Nf6
9.f4 d6 10.N1d2 Nb4 11.O-O Be7 12.a3 Nc6 13.Nc4 Nd7 14.a4 d5 15.exd5 exd5
16.Ncd2 O-O 17.c3 Nf6 18.h3 Bd6 19.Qf3 Be6 20.Nd4 Nxd4 21.Bxd4 Bc5 22.Nb3 Bxd4+
23.Nxd4 Rae8 24.Rfe1 Bd7 25.Bc2 Bc6 26.Rad1 Rxe1+ 27.Rxe1 Re8 28.Rxe8+ Bxe8
29.Qe3 Kf8 30.Nf5 g6 31.Nd4 Qe7 32.Qxe7+ Kxe7 33.Kf2 Nd7 34.a5 Kd6 35.b4 b6
36.Nb3 bxa5 37.Nxa5 Nb6 38.Ke3 Bb5 39.h4 Ba4 40.Bd3 Bb5 41.Nb7+ Kc7 42.Nc5 Kc6
43.Nxa6 Bxa6 44.Bxa6 Kd6 45.Kd4 Na8 46.c4 dxc4 47.Bxc4 f6 48.Bf7 Nc7 49.g4 Nb5+
50.Kc4 Na3+ 51.Kd3 Nb5 52.g5 Ke7 53.Bd5 Nd6 54.Be4  1-0

[Event "2nd Halkidiki Open"]
[Site "Kalithea GRE"]
[Date "2006.04.25"]
[Round "1"]
[White "Tsokopoulos,D"]
[Black "Hoffmann,Mi1"]
[Result "0-1"]
[WhiteElo "1838"]
[BlackElo "2467"]

1.e4 c5 2.Nf3 e6 3.d4 cxd4 4.Nxd4 a6 5.Bd3 Bc5 6.Nb3 Be7 7.Be3 d6 8.c4 Nf6
9.Nc3 b6 10.O-O O-O 11.f3 Qc7 12.Rc1 Nbd7 13.Qe2 Ne5 14.Rfd1 Bb7 15.Nd4 Rac8
16.Na4 Nxd3 17.Qxd3 Nd7 18.b3 Qb8 19.Qe2 Rfe8 20.Qf2 Ba8 21.Rc2 b5 22.Nb2 Ne5
23.cxb5 axb5 24.Rdc1 Rxc2 25.Qxc2 d5 26.exd5 Bxd5 27.Qc7 Ba3 28.Qxb8 Rxb8
29.Rc2 Bd6 30.a4 bxa4 31.bxa4 Ba3 32.Nb5 Bxb2 33.Rxb2 Nc4 34.Ba7 Nxb2 35.Bxb8 Nxa4
36.f4 Nc5 37.g4 Bf3 38.h3 h5 39.g5 Kh7 40.Kf2 Ba8 41.Nd4 Kg6 42.Ke3 h4 43.Nf3 Bxf3
44.Kxf3 Kf5 45.Be5 Nd3 46.Bb8 e5 47.fxe5 Nxe5+ 48.Bxe5 Kxe5 49.Kg4 g6 50.Kxh4 Kf5
51.Kg3 Kxg5 52.Kf3 Kh4 53.Kg2 g5 54.Kh2 f5 55.Kg2 f4  0-1

[Event "VII TCh-RUS w"]
[Site "Sochi RUS"]
[Date "2006.04.27"]
[Round "8"]
[White "Ambartsumova,K"]
[Black "Sharevich,A"]
[Result "0-1"]
[WhiteElo "2176"]
[BlackElo "2281"]

1.e4 c5 2.Nf3 e6 3.d4 cxd4 4.Nxd4 a6 5.Bd3 Nf6 6.O-O Qc7 7.Qe2 d6 8.Bd2 Be7
9.Kh1 Nc6 10.Nb3 O-O 11.f4 b6 12.Nc3 Bb7 13.Rae1 Rfe8 14.e5 Nd7 15.exd6 Bxd6
16.Ne4 Bf8 17.Ng5 g6 18.Bc3 Bg7 19.f5 exf5 20.Qxe8+ Rxe8 21.Rxe8+ Nf8 22.Bxg7 Kxg7
23.Rfe1 Qf4 24.Nh3 Qh4 25.R8e2 Ne6 26.Rf1 Nb4 27.Kg1 Nxd3 28.cxd3 Qg4 29.Ref2 f4
30.Nd2 g5 31.Ne4 Bxe4 32.dxe4 Nd4 33.Kh1 f3 34.Ng1 fxg2+ 35.Rxg2 Qxe4 36.Rf2 h6
37.h3 Ne6 38.Ne2 Kf8 39.Rf1 h5 40.Kg1 g4 41.hxg4 hxg4 42.Ng3 Qe3+ 43.Kh2 Qh6+
44.Kg1 Qe3+ 45.Kh2 Ng5 46.Rc2 Nf3+ 47.Kg2 Ne1+ 48.Rxe1 Qxe1 49.Rf2 Qe6 50.b3 Qh6
51.Kg1 Qh3 52.Nf1 Kg7 53.Nd2 g3 54.Rg2 f5 55.Nf3 Qg4  0-1

[Event "RC SPORT Open"]
[Site "Usti nad Orlici CZE"]
[Date "2006.04.30"]
[Round "2"]
[White "Folkova,M"]
[Black "Likavsky,T"]
[Result "0-1"]
[WhiteElo "2197"]
[BlackElo "2492"]

1.e4 c5 2.Nf3 e6 3.d4 cxd4 4.Nxd4 a6 5.Bd3 Qb6 6.Nb3 d6 7.O-O Nf6 8.Nc3 Be7
9.Kh1 Qc7 10.f4 Nbd7 11.Qf3 b6 12.Qg3 g6 13.Bd2 Bb7 14.Rae1 h5 15.a4 h4 16.Qh3 Nh5
17.Nd5 exd5 18.exd5 Bxd5 19.Bc3 Ndf6 20.Rf2 O-O 21.f5 g5 22.Bd2 Rae8 23.Rfe2 Bd8
24.Bxg5 Rxe2 25.Rxe2 Bxb3 26.cxb3 Ne4 27.Bh6 Bg5 28.Bxg5 Nxg5 29.Qxh4 Qc1+
30.Re1 Qd2 31.h3 f6 32.Bc4+ d5 33.Re2 Qc1+ 34.Re1 Qxe1+ 35.Qxe1 dxc4 36.Qh4 Ng7
37.Qxc4+ Kh8 38.Qb4 Re8 39.Qxb6 Ne4 40.Kh2 Nxf5 41.Qxa6 Nfg3 42.Qb5 Rd8 43.h4 Rd1
44.Qe8+ Kg7 45.Qe7+ Kh6 46.Qf8+ Kh5 47.Qf7+ Kxh4 48.Qh7+ Kg4 49.Qg7+ Kf4
50.Qc7+ Kg4 51.Qg7+ Kf4 52.Qc7+ Ke3 53.Qb6+ Ke2 54.Qb5+ Kf2 55.Qb6+ Ke2 56.Qb5+ Kd2
57.Kh3 f5 58.Qa5+ Kc2 59.Qc7+ Kxb2 60.Qg7+ Ka2  0-1

[Event "2nd Halkidiki Open"]
[Site "Kalithea GRE"]
[Date "2006.05.01"]
[Round "9"]
[White "Sofronie,I"]
[Black "Itkis,B"]
[Result "0-1"]
[WhiteElo "2419"]
[BlackElo "2490"]

1.e4 c5 2.Nf3 e6 3.d4 cxd4 4.Nxd4 a6 5.Bd3 Nf6 6.O-O Qc7 7.Qe2 d6 8.b3 Nbd7
9.Bb2 g6 10.Nd2 Bg7 11.c4 O-O 12.Rac1 b6 13.Bb1 Bb7 14.Rfd1 Rac8 15.Nf1 Rfe8
16.f3 Bh6 17.Rc3 Qb8 18.Qf2 d5 19.cxd5 Rxc3 20.Bxc3 exd5 21.exd5 Nxd5 22.Bd2 Bg7
23.Ng3 b5 24.Ne4 Qe5 25.Ne2 f5 26.N4c3 N7b6 27.a4 b4 28.Nxd5 Nxd5 29.Bd3 h6
30.Bc4 Kh7 31.Qg3 Qf6 32.h4 Rd8 33.Bg5 Qb6+ 34.Kh1 Nf6 35.Rxd8 Qxd8 36.Bxf6 Qxf6
37.Nf4 Bf8 38.h5 g5 39.Ne6 f4 40.Qe1 Be7 41.Nd4 g4 42.Nf5 Bf8 43.Bd3 Kh8
44.Nh4 g3 45.Ng6+ Kg7 46.Qc1 Bd6 47.Qc4 Qc3 48.Nh4 Qxc4 49.Bxc4 Kf6  0-1

[Event "Open B"]
[Site "Djakovo CRO"]
[Date "2006.05.02"]
[Round "4"]
[White "Matijasevic,I"]
[Black "Ramesa,D"]
[Result "0-1"]
[WhiteElo "2092"]
[BlackElo "2264"]

1.e4 c5 2.Nf3 e6 3.d4 cxd4 4.Nxd4 a6 5.Bd3 Bc5 6.Nb3 Be7 7.Qg4 g6 8.Nc3 d6
9.Be3 Nf6 10.Qf3 Nc6 11.Bh6 Ne5 12.Qe2 Nfg4 13.Bg7 Rg8 14.Bxe5 Nxe5 15.O-O Bd7
16.a4 g5 17.a5 g4 18.Nd4 Qc7 19.f4 Qc5 20.Qe3 Nc6 21.Nce2 e5 22.Nf5 Bxf5
23.Qxc5 dxc5 24.exf5 Bf6 25.Bc4 Rd8 26.Nc3 exf4 27.Rxf4 Bd4+ 28.Kf1 Kf8 29.Ne2 Be5
30.Re4 Rg5 31.Bd3 Rxf5+ 32.Ke1 Rh5 33.Rxg4 Rxh2 34.Kf2 Rh6 35.Rc4 Bd6 36.Be4 Ne5
37.Rc3 c4 38.Rh3 Bc5+ 39.Ke1 Rf6 40.Nc3 h6 41.Rh5 Re8 42.Nd5 Rd6 43.Kf1 Ng4
44.Bf3 Ne3+ 45.Nxe3 Bxe3 46.Bxb7 Rb8 47.Bxa6 Rxa6  0-1

[Event "4th TCh-SCG"]
[Site "Vrnjacka Banja SCG"]
[Date "2006.05.04"]
[Round "4"]
[White "Marinkovic,Sl"]
[Black "Mijailovic,Z"]
[Result "1/2-1/2"]
[WhiteElo "2401"]
[BlackElo "2384"]

1.e4 c5 2.Nf3 e6 3.d4 cxd4 4.Nxd4 a6 5.Bd3 Bc5 6.Nb3 Ba7 7.Nc3 Nc6 8.Qe2 d6
9.Be3 Nge7 10.O-O-O b5 11.f4 b4 12.Nb1 Qc7 13.N1d2 O-O 14.Nf3  1/2-1/2

[Event "81st ch-ARG"]
[Site "San Luis ARG"]
[Date "2006.05.06"]
[Round "11"]
[White "Valerga,D"]
[Black "Flores,Di"]
[Result "0-1"]
[WhiteElo "2470"]
[BlackElo "2494"]

1.e4 c5 2.Nf3 e6 3.d4 cxd4 4.Nxd4 a6 5.Bd3 g6 6.b3 Bg7 7.Bb2 Nf6 8.O-O O-O
9.Nd2 d6 10.a4 Qc7 11.Re1 b6 12.Nc4 Nbd7 13.Qd2 Bb7 14.Qb4 d5 15.exd5 Bxd5
16.Qd6 Qb7 17.Ne3 Nc5 18.Nxd5 Nxd5 19.Bc4 Nb4 20.Rad1 Rad8 21.Qg3 Nxc2 22.Nxc2 Bxb2
23.h4 b5 24.axb5 axb5 25.Bf1 b4 26.Bc4 Bc3 27.Rf1 Ne4 28.Qf3 Qa8 29.Rxd8 Rxd8
30.Bd3 Nd2 31.Qxa8 Rxa8 32.Rd1 Nxb3 33.Be4 Rb8 34.Ne3 Nd2 35.Bd3 b3 36.Nf1 Rd8
37.Be2 b2  0-1

[Event "May Roses Cup"]
[Site "Bucharest ROM"]
[Date "2006.05.08"]
[Round "4"]
[White "Burnoiu,N1"]
[Black "Manolache,M"]
[Result "0-1"]
[WhiteElo "2424"]
[BlackElo "2492"]

1.e4 c5 2.Nf3 e6 3.d4 cxd4 4.Nxd4 a6 5.Bd3 d6 6.O-O g6 7.Be3 Nf6 8.c4 Bg7
9.Nc3 O-O 10.Kh1 Re8 11.Rc1 Nbd7 12.Nde2 Ng4 13.Bf4 Be5 14.h3 Qh4 15.Kg1 Bxf4
16.Nxf4 Ngf6 17.Nfe2 Qg5 18.Bc2 Qc5 19.Qd4 Qxd4 20.Nxd4 Nb6 21.Bb3 e5 22.Nc2 Be6
23.Ne3 Rac8 24.Rfd1 Red8 25.Ned5 Bxd5 26.cxd5 Rc5 27.f3 Rdc8 28.Ne2 Nfd7
29.Kf2 Kg7 30.h4 h5 31.Ke3 f6 32.Rxc5 Nxc5 33.Rc1 f5 34.g3 fxe4 35.fxe4 Nbd7
36.Bd1 Nf6 37.Ng1 a5 38.Bf3 Ra8 39.Nh3 Kf7 40.Nf2 Ke7 41.Nd3 Nfd7 42.Nxc5 Nxc5
43.Be2 Rg8 44.Rf1 Nd7 45.Rc1 Nc5 46.Rf1 Rf8 47.Rc1 Kd8 48.Rg1 Kc7 49.b3 Kb6
50.Rc1 Nd7 51.Kd3 Nc5+ 52.Ke3 Rf7 53.Bf1 g5 54.hxg5 Rg7 55.Be2 Rxg5 56.Rg1 Nd7
57.Kf2 Nf6 58.Ke3 h4 59.g4 Nh5 60.Rc1 Nf4 61.Bf3 Rg7 62.Rc8 Rc7 63.Rh8 Rc3+
64.Kf2 Nh3+ 65.Kg2 Ng5 66.Bd1 h3+ 67.Kf1 Nxe4 68.Rh6 Kc5 69.g5 Nxg5  0-1

[Event "ch-UKR sf"]
[Site "Alushta UKR"]
[Date "2006.05.13"]
[Round "1"]
[White "Varitski,I"]
[Black "Kalinina,O"]
[Result "0-1"]
[WhiteElo "2355"]
[BlackElo "2128"]

1.e4 c5 2.Nf3 e6 3.d4 cxd4 4.Nxd4 a6 5.Bd3 Nf6 6.O-O Qc7 7.Qe2 d6 8.f4 Nbd7
9.Kh1 b6 10.Nd2 Bb7 11.N2f3 e5 12.Nb3 Be7 13.fxe5 Nxe5 14.Nbd4 O-O 15.Nxe5 dxe5
16.Nf5 Bc5 17.Rf3 Qc6 18.Be3 Rfe8 19.Nxg7 Kxg7 20.Raf1 Re6 21.Bc4 Bxe3 22.Bxe6 Bf4
23.Bf5 Nxe4 24.Ra1 Ng5 25.Rc3 Qh6 26.h3 Qf6 27.Qd3 Re8 28.Bd7 Ne4 29.Rf1 Nxc3
30.Bxe8 Qg5 31.Rf3 Ne4 32.Qd7 Ng3+ 33.Rxg3 Qxg3 34.Qxf7+ Kh8  0-1

[Event "ch-UKR sf"]
[Site "Alushta UKR"]
[Date "2006.05.16"]
[Round "4"]
[White "Zhornik,N"]
[Black "Kalinina,O"]
[Result "1-0"]
[WhiteElo "2313"]
[BlackElo "2128"]

1.e4 c5 2.Nf3 e6 3.d4 cxd4 4.Nxd4 a6 5.Bd3 Nf6 6.O-O Qc7 7.Be3 d6 8.c4 b6
9.Nc3 Bb7 10.Rc1 Nbd7 11.f3 Be7 12.Qd2 O-O 13.Rfd1 Rac8 14.Bf1 Qb8 15.Qf2 Bd8
16.h3 Bc7 17.Nc2 Rfd8 18.Rd2 d5 19.cxd5 Bg3 20.Qe2 Bh2+ 21.Kh1 Nh5 22.Bf2 Bf4
23.dxe6 Bxd2 24.exf7+ Kxf7 25.Qxd2 Ng3+ 26.Kg1 h6 27.Nd4 Nf6 28.Bd3 b5 29.a3 Rd7
30.Bc2 Rcd8 31.Bb3+ Ke8 32.e5 Nfh5 33.Qc2 Nf4 34.Bxg3 Rxd4 35.Qf5 Bd5 36.Nxd5 Nxd5
37.e6 Qa7 38.Bf2 Nf6 39.Kh1 Qb7 40.Qg6+ Kf8 41.Bxd4  1-0

[Event "1st Magistral Espirito Sancto"]
[Site "Vitoria BRA"]
[Date "2006.05.16"]
[Round "2"]
[White "Bittencourt,J"]
[Black "Diamant,A"]
[Result "1-0"]
[WhiteElo "2395"]
[BlackElo "2244"]

1.e4 c5 2.Nf3 e6 3.d4 cxd4 4.Nxd4 a6 5.Bd3 Bc5 6.Nb3 Ba7 7.Nc3 Nc6 8.Qe2 d6
9.Be3 Nf6 10.O-O-O Bxe3+ 11.Qxe3 b5 12.f4 b4 13.Ne2 O-O 14.e5 Nd5 15.Qe4 g6
16.Ned4 Bb7 17.h4 Nxd4 18.Qxd4 dxe5 19.fxe5 Rc8 20.Be4 Qe7 21.Rd2 Rfd8 22.Rhd1 Qxh4
23.Na5 Ba8 24.Nc4 Qf4 25.Bxd5 Qxd4 26.Rxd4 Rxd5 27.Nb6 Rxd4 28.Rxd4 Rb8 29.Nxa8 Rxa8
30.Rxb4 g5 31.c4 Kg7 32.c5 Rc8 33.Rc4 Kg6 34.b4 Kf5 35.Kc2 Kxe5 36.Kc3 f5
37.a4 f4 38.b5 axb5 39.axb5 g4 40.Kb4 h5 41.b6 f3 42.gxf3 g3 43.Rc1 g2 44.Rg1 Rg8
45.b7 Kd5 46.Kb5 h4 47.c6 h3 48.c7 h2 49.Rd1+ Ke5 50.b8=Q g1=Q 51.c8=Q+ Kf6
52.Qf4+  1-0

[Event "ch-UKR sf"]
[Site "Alushta UKR"]
[Date "2006.05.17"]
[Round "5"]
[White "Strelnikov,S"]
[Black "Truskavetsky,A"]
[Result "1/2-1/2"]
[WhiteElo "2319"]
[BlackElo "2412"]

1.e4 c5 2.Nf3 e6 3.d4 cxd4 4.Nxd4 a6 5.Bd3 g6 6.O-O Bg7 7.c3 Ne7 8.Nd2 O-O
9.N2f3 d5 10.e5 Nd7 11.Re1 Qc7 12.Bf4 b5 13.h4 Nc5 14.Bc2 Bb7 15.Qc1 Rfe8
16.Bh6 Bh8 17.Qf4 Ne4 18.g4 Nc6 19.Bxe4 dxe4 20.Rxe4 Nxd4 21.Rxd4 Bxf3 22.Qxf3 Bxe5
23.Rd3 Rad8 24.Rad1 Rxd3 25.Qxd3 Bf6 26.g5 Be7 27.Qd4 e5 28.Qe4 Bc5 29.Kg2 Bf8
30.Bxf8 Kxf8 31.Rd3 Qe7 32.Qc6 Qe6 33.Qxe6 Rxe6 34.Rd8+ Kg7 35.Kf3 Rc6 36.Ke4 Rc4+
37.Kxe5 Rxh4 38.Rd6 Rg4 39.f4 Rg2 40.Rxa6 Rxb2 41.a3 Rc2 42.Kd4 Rd2+ 43.Kc5 Rd3
44.Kxb5 Rxc3 45.a4 h6 46.gxh6+ Kxh6 47.Rf6 Kg7 48.Rc6 Rb3+ 49.Ka5 f5 50.Rc4 g5
51.fxg5  1/2-1/2

[Event "1st Magistral Espirito Sancto"]
[Site "Vitoria BRA"]
[Date "2006.05.19"]
[Round "7"]
[White "Hungaski,R"]
[Black "Diamant,A"]
[Result "1/2-1/2"]
[WhiteElo "2400"]
[BlackElo "2244"]

1.e4 c5 2.Nf3 e6 3.d4 cxd4 4.Nxd4 a6 5.Bd3 Bc5 6.Nb3 Ba7 7.Qe2 Nc6 8.Nc3 d6
9.Be3 Nge7 10.O-O-O O-O 11.f4 b5 12.Bxa7 Rxa7 13.Qh5 b4 14.Ne2 a5 15.e5 g6
16.Qh6 a4 17.Nbd4 Nxd4 18.Nxd4 dxe5 19.Nf3 Nd5 20.fxe5 a3 21.b3 Qb6 22.Rde1 Nc3
23.Ng5 f5 24.exf6 Nxa2+ 25.Kd2 Qf2+ 26.Re2 Qf4+ 27.Re3 Qf2+ 28.Re2 Qxf6 29.Ne4 Qb2
30.Qe3 Raf7 31.Qc5 Bd7 32.Ree1 Rc8 33.Qb6 Rc6 34.Qb8+ Rc8 35.Qb6 Rc6 36.Qb8+ Rc8  1/2-1/2

[Event "3rd All-China Games"]
[Site "Suzhou CHN"]
[Date "2006.05.20"]
[Round "1"]
[White "Xie Jun"]
[Black "Li Ruofan"]
[Result "1-0"]
[WhiteElo "2573"]
[BlackElo "2391"]

1.e4 c5 2.Nf3 e6 3.d4 cxd4 4.Nxd4 a6 5.Bd3 Bc5 6.Nb3 Ba7 7.Qe2 Nc6 8.Be3 Bxe3
9.Qxe3 d6 10.Qg3 Nf6 11.Nc3 O-O 12.Rd1 e5 13.O-O b5 14.a4 bxa4 15.Nxa4 Be6
16.Nc1 Qa5 17.b3 Rfc8 18.Ne2 Qb4 19.Qe3 a5 20.h3 d5 21.exd5 Nxd5 22.Qf3 Rab8
23.c3 Qa3 24.Ra1 Qe7 25.Be4 Rd8 26.c4 Ncb4 27.cxd5 Nxd5 28.Rfc1 Nf6 29.Nc5 Nxe4
30.Qxe4 Bd5 31.Qe3 Rb5 32.Rc3 Rdb8 33.Rac1 Qd6 34.Rd1 f5 35.f4 Re8 36.Ng3 g6
37.Na4 Qb8 38.fxe5 Bxb3 39.Rd7 Bxa4 40.Rdc7 Rbxe5 41.Qd4 Bb5 42.Nxf5 Qd8  1-0